000 nam a22 7a 4500
999 _c43962
_d43962
003 OSt
005 20180415105715.0
008 180415b xxu||||| |||| 00| 0 eng d
040 _cIIMT
100 _aKUMAR,SONA
245 _aADVANCE COMPUTER NETWORK
260 _aNEW DELHI
_bA.P.PUB
_c2010
300 _a260
942 _2ddc
_c01